The red duckling (KHMER) / (Record no. 49180)
| 000 -LEADER | |
|---|---|
| fixed length control field | 00289nam a2200109 4500 |
| 020 ## - INTERNATIONAL STANDARD BOOK NUMBER | |
| International Standard Book Number | 9789924350392 |
| 100 ## - MAIN ENTRY--PERSONAL NAME | |
| Personal name | Kol, Seap |
| 9 (RLIN) | 86234 |
| 245 ## - TITLE STATEMENT | |
| Title | The red duckling (KHMER) / |
| Statement of responsibility, etc | Seap Kol |
| 260 ## - PUBLICATION, DISTRIBUTION, ETC. (IMPRINT) | |
| Place of publication, distribution, etc | Cambodia |
| Name of publisher, distributor, etc | S.J. Metta Karuna |
| Date of publication, distribution, etc | 2022 |
| 300 ## - PHYSICAL DESCRIPTION | |
| Extent | 26 p. |
| Other physical details | col. ill. |
| Dimensions | 22 cm. |
| 942 ## - ADDED ENTRY ELEMENTS (KOHA) | |
| Source of classification or shelving scheme | |
| Koha item type | Book |
| Withdrawn status | Lost status | Source of classification or shelving scheme | Damaged status | Not for loan | Collection code | Home library | Current library | Shelving location | Date acquired | Total Checkouts | Full call number | Barcode | Checked out | Date last seen | Date checked out | Price effective from | Koha item type |
|---|---|---|---|---|---|---|---|---|---|---|---|---|---|---|---|---|---|
| Siem Riep | Asian Hope Early Years Library | Asian Hope Early Years Library | Easy Reading | 08/07/2025 | 14 | KHMER E KOL | 209193 | 04/28/2026 | 04/28/2026 | 04/28/2026 | 08/07/2025 | Book |